| 000 | 01213nam a2200217Ia 4500 | ||
|---|---|---|---|
| 003 | Ost | ||
| 005 | 20260507075649.0 | ||
| 008 | 260507s9999||||xx |||||||||||||| ||und|| | ||
| 020 | _a6055329957 | ||
| 040 | _cfsecg | ||
| 041 | _aara | ||
| 082 | _a657.04 | ||
| 100 |
_aالحارس، أسامة _eمؤلف |
||
| 245 | 0 |
_aالمحاسبة الإدارية / _c أسامة الحارس |
|
| 260 |
_aعمان: _bدار الحامد للنشر, _c2004 |
||
| 300 |
_a502 صفحة؛ _bإيضاحات ؛ _c24 سم |
||
| 520 | _aالتعريف بالمحاسبة الإدارية- طبيعة وتصنيفات عناصر تكاليف الإنتاج- سلوك وتقدير التكاليف- التكاليف والإيرادات الملائمة لإتخاذ القرارات الإدارية قصيرة الاجل- قرارات التسعير للمنتجات والخدمات- الموازنات التخطيطية- إعداد الموازنة الرأسمالية- اللامركزية وأسعار التحويل ومحاسبة المسؤولية- المحاسبة الإدارية والاساليب الكمية. | ||
| 653 | _aالإدارة | ||
| 653 | _aالمحاسبة الإدارية | ||
| 942 | _cكتاب | ||
| 999 |
_c45554 _d45554 |
||